000 01183nam a2200313Ia 4500
001 ebr10019958
003 CaPaEBR
006 m u
007 cr cn|||||||||
008 010209s1999 enk sb 001 0 eng d
010 _z 2001265733
020 _z1841508624 (eBook)
020 _z187151696X
040 _aCaPaEBR
_cCaPaEBR
035 _a(OCoLC)44960499
050 1 4 _aTK5105.888
_b.H656 1999eb
082 0 4 _a006.6/9
_221
100 1 _aHoneywill, Paul.
245 1 0 _aVisual language for the World Wide Web
_h[electronic resource] /
_cPaul Honeywill.
260 _aExeter, England ;
_aPortland, OR :
_bIntellect,
_c1999.
300 _a194 p.
504 _aIncludes bibliographical references (p. 183-188) and index.
533 _aElectronic reproduction.
_bPalo Alto, Calif. :
_cebrary,
_d2009.
_nAvailable via World Wide Web.
_nAccess may be limited to ebrary affiliated libraries.
650 0 _aWeb sites
_vIllustrations.
650 0 _aVisual communication.
655 7 _aElectronic books.
_2local
710 2 _aebrary, Inc.
856 4 0 _uhttp://site.ebrary.com/lib/rucke/Doc?id=10019958
_zAn electronic book accessible through the World Wide Web; click to view
999 _c9258
_d9258